000 00756cam a2200277 4500500
005 20260329001238.0
041 _afre
042 _adc
100 1 0 _ade Montety, Catherine
_eauthor
700 1 0 _aMoreau, Anne-Sophie
_eauthor
245 0 0 _aLe poids des mots
260 _c2023.
500 _a74
690 _aAutorité
690 _aCollaboration
690 _aCommunication
690 _aCoopération
690 _aIntelligence émotionnelle
690 _aLeadership
690 _aManagement
690 _aMotivation
690 _aSoft skills
690 _aTravail
786 0 _nPhilonomist | - | 1 | 2023-01-06 | p. 45-53
856 4 1 _uhttps://shs.cairn.info/magazine-philonomist-2023-1-page-45?lang=fr&redirect-ssocas=7080
999 _c1803457
_d1803457